Les Émissions Préférées des Français - Statistiques

Statistiques générales
  • Ce quiz a été pris 685 fois
  • Le résultat moyen est 4 sur 20
Statistiques - réponses
Top Émission Chaîne % Correct
8 Koh-Lanta TF1
66%
7 The Voice TF1
60%
12 Top Chef M6
58%
18 Les 12 coups de midi TF1
54%
11 Fort Boyard France 2
38%
17 L'amour est dans le pré M6
33%
13 Le meilleur pâtissier M6
33%
20 Qui veut gagner des millions ? TF1
20%
1 Capital M6
17%
3 Les Guignols de l'info Canal +
11%
5 Recherche appartement ou maison M6
11%
14 Intervilles France 2
8%
2 Rendez-vous en terre inconnue France 2
7%
15 50' Inside TF1
5%
4 Thalassa France 3
5%
6 Echappées belles France 5
4%
16 Le plus grand cabaret du monde France 2
2%
9 Le Concert des Enfoirés TF1
1%
10 Ushaïa TF1
1%
19 Cauchemar en cuisne M6
0%
Aucun quiz correspondant
Distribution des résultats
% des personnes avec chaque résultat
Percentile par nombre de réponses
Votre historique - résultats
Vous n’avez pas pris ce quiz